00846 2200277 4500001002100000005001700021008004100038035002400079040001200103041001300115082001400128084001400142090001800156100002000174245012200194260005200316300003100368500004700399650001100446700002300457700001600480990001800496990001800514990001800532990001800550INLIS00000000002928920170718101801.0  0010-071700000000459 aYOPDYOG1 aindheng04a069b[23] a069 Bud A aBTR 069 Bud A0 aBUDI SUPRIYANTO1 aAyo...!!! berkunjung ke museumb= Let's visit museumc/ Budi Supriyanto, I. Made Giri Gunadi; translator, Oki Laksito aLampungbUPTD Museum Negeri Prov. Lampungc2015 a35 hlm.b: ilus.c: 18 cm. aTerdapat dua bahasa: Indonesia dan Inggris 4aMuseum0 aI MADE GIRI GUNADI0 aOKI LAKSITO a55205-PD/A.17 a55206-PD/A.17 a55207-PD/A.17 a55208-PD/A.17